000 01225nac a22003491i 4500
003 EG-ScBUE
005 20241017104507.0
008 241017t1995 gw a f b 000 0 eng d
020 _a354058391
020 _a9783540583912
035 _a(OCoLC)ocm18386786
040 _aEG-ScBUE
_beng
_erda
_cEG-ScBUE
_dEG-ScBUE
082 0 4 _a515.352
_222
_bDYN
245 0 0 _aDynamics reported :
_bexpositions in dynamical systems /
_cC.K.R.T. Jones, U. Kirchgraber, H.O. Walther, managing editors ; with contributions of A.M. Blokh [and five others]
246 3 0 _aExpositions in Dynamical Systems
264 1 _aBerlin :
_bSpringer-Verlag,
_c[1995]
264 4 _cc1995
300 _aix, 269 pages:
_billustrations ;
_c24 cm.
336 _2rdacontent
_atext
_btxt
337 _aunmediated
_2rdamedia
_bn
338 _avolume
_bnc
_2rdacarrier
490 0 _aNew series ;
_vvolume 4
500 _aIncludes appendix.
504 _aIncludes bibliographical references.
650 7 _aDifferentiable dynamical systems.
_2BUEsh
655 _vReading book
700 1 _aJones, C.K.R.T.,
_eeditor.
700 1 _aKirchgraber, U.,
_eeditor.
700 1 _aWalther, H.O.,
_eeditor.
700 1 _aBlokh, A.M.,
_econtributer.
942 _cBB
_2ddc
999 _c4777
_d4777